Tatér z Osvětimi /
Tetování vězňů v Osvětimi se stala symbolem holocaustu. Jedním z těch, kdo čísla na předloktí tetovali, byl slovenský Žid Lale Sokolov, rodným jménem Ludwig Eisenberg. Jeho příběh připomíná děsivé události v dějinách lidstva a ukazuje, že vedle sebe mohou existovat promyšlená brutalita i nesobecká l...
Uloženo v:
| Hlavní autor: | |
|---|---|
| Další autoři: | |
| Médium: | E-audiokniha |
| Vydáno: |
Praha :
Albatros Media a.s.,
2019
|
| Tagy: |
Žádné tagy |
| LEADER | 02974nim a22006257i 4500 | ||
|---|---|---|---|
| 001 | 313054 | ||
| 007 | sr nunnnnnnned | ||
| 024 | |a 8594050427044 | ||
| 044 | |a xr | ||
| 100 | 1 | |a Morris, Heather |4 aut | |
| 245 | 1 | 0 | |a Tatér z Osvětimi / |c Morris, Heather |
| 240 | 1 | 0 | |a The Tattooist of Auschwitz |
| 264 | 1 | |a Praha : |b Albatros Media a.s., |c 2019 | |
| 300 | |a 1 online zdroj (7 hod., 4 min., 0 sek.) | ||
| 336 | |a mluvené slovo |b spw |2 rdacontent | ||
| 337 | |a audio |b s |2 rdamedia | ||
| 338 | |a online zdroj |b cr |2 rdacarrier | ||
| 505 | 0 | 0 | |t Úvod, Prolog (3 min., 22 sek.) |
| 505 | 0 | 0 | |t Kapitola 1. (30 min., 17 sek.) |
| 505 | 0 | 0 | |t Kapitola 2. (30 min., 54 sek.) |
| 505 | 0 | 0 | |t Kapitola 3. (27 min., 22 sek.) |
| 505 | 0 | 0 | |t Kapitola 4. (11 min., 33 sek.) |
| 505 | 0 | 0 | |t Kapitola 5. (12 min., 27 sek.) |
| 505 | 0 | 0 | |t Kapitola 6. (15 min., 5 sek.) |
| 505 | 0 | 0 | |t Kapitola 7. (16 min., 1 sek.) |
| 505 | 0 | 0 | |t Kapitola 8. (11 min., 36 sek.) |
| 505 | 0 | 0 | |t Kapitola 9. (9 min., 48 sek.) |
| 505 | 0 | 0 | |t Kapitola 10. (8 min., 35 sek.) |
| 505 | 0 | 0 | |t Kapitola 11. (9 min., 9 sek.) |
| 505 | 0 | 0 | |t Kapitola 12. (14 min., 21 sek.) |
| 505 | 0 | 0 | |t Kapitola 13. (19 min., 2 sek.) |
| 505 | 0 | 0 | |t Kapitola 14. (10 min., 47 sek.) |
| 505 | 0 | 0 | |t Kapitola 15. (7 min., 55 sek.) |
| 505 | 0 | 0 | |t Kapitola 16. (8 min., 15 sek.) |
| 505 | 0 | 0 | |t Kapitola 17. (6 min., 3 sek.) |
| 505 | 0 | 0 | |t Kapitola 18. (13 min., 9 sek.) |
| 505 | 0 | 0 | |t Kapitola 19. (20 min., 34 sek.) |
| 505 | 0 | 0 | |t Kapitola 20. (13 min., 36 sek.) |
| 505 | 0 | 0 | |t Kapitola 21. (11 min., 29 sek.) |
| 505 | 0 | 0 | |t Kapitola 22. (8 min., 34 sek.) |
| 505 | 0 | 0 | |t Kapitola 23. (6 min., 37 sek.) |
| 505 | 0 | 0 | |t Kapitola 24. (13 min., 29 sek.) |
| 505 | 0 | 0 | |t Kapitola 25. (11 min., 41 sek.) |
| 505 | 0 | 0 | |t Kapitola 26. (10 min., 11 sek.) |
| 505 | 0 | 0 | |t Kapitola 27. (30 min., 42 sek.) |
| 505 | 0 | 0 | |t Kapitola 28. (10 min., 4 sek.) |
| 505 | 0 | 0 | |t Epilog (7 min., 25 sek.) |
| 505 | 0 | 0 | |t Autorčina poznámka (6 min., 26 sek.) |
| 505 | 0 | 0 | |t Další informace (2 min., 16 sek.) |
| 505 | 0 | 0 | |t Doslov (5 min., 27 sek.) |
| 520 | 2 | |a Tetování vězňů v Osvětimi se stala symbolem holocaustu. Jedním z těch, kdo čísla na předloktí tetovali, byl slovenský Žid Lale Sokolov, rodným jménem Ludwig Eisenberg. Jeho příběh připomíná děsivé události v dějinách lidstva a ukazuje, že vedle sebe mohou existovat promyšlená brutalita i nesobecká láska. Autorka s citem odkrývá sedmdesát let staré události, aniž by milostný příběh převládal nad tím nejdůležitějším – ztrátou domova, utrpením a touhou přežít. | |
| 700 | 1 | |a Siničák, Martin |4 nrt | |
| 910 | |a RBIT002 | ||
| 998 | |d 206730 |a https://core.palmknihy.cz/api/books/206730/cover?sia8s7 |b https://core.palmknihy.cz/api/books/206730/cover/400?sia8s7 |c https://core.palmknihy.cz/api/books/206730/cover/50?sia8s7 |e 2028-04-28 |i 8594050427044 |l 25440 |q 49 |r 1 |s https://www.palmknihy.cz/kniha/206730 |t audiobook |y 2019 |z 1 | ||
| 999 | |d 313052 | ||